00828nam a2200169 a 450000100100000000500170001000800410002704000250006810000250009324501090011826000420022730000210026950000570029095201050034795201890045299900170064100003865920201002031327.0130417s1980 dr 000 0 spa d aDO-SdBNPbspacBNPHU1 aOviedo, José9267110aGenesis y desarrollo del problema metodológico en Marx :b(elementos introductorios) /cJosé Oviedo. aSanto Domingo :bAlfa y Omega,c1980. a117 p. ;c19 cm. aIncluye datos biográficos del autor en las solapas 0010718PDaPDbPDcHDd2013-04-17iLF1l0o p38659-10r2020-06-25w2020-06-25yLFPDZNo se presta 0010718PDaPDbPDcHDd2015-06-30iLF1l0o p38659-20r2020-06-25te. 2w2020-06-25yLFPDzPerteneció a la biblioteca personal de Chiqui Vicioso / Fidelio Despradel.ZNo se presta c38149d38149